The British battle fleet; (Record no. 552487)
[ view plain ]
| 000 -LEADER | |
|---|---|
| fixed length control field | 00657cam a22001571 4500 |
| 082 ## - DEWEY DECIMAL CLASSIFICATION NUMBER | |
| Classification number | 359.00941 |
| Author Mark | JAN |
| 100 1# - MAIN ENTRY--PERSONAL NAME | |
| Personal name | Jane, Fred T. |
| 9 (RLIN) | 49710 |
| 245 14 - TITLE STATEMENT | |
| Title | The British battle fleet; |
| Remainder of title | its inception and growth throughout the centuries to the present day, |
| Statement of responsibility, etc. | by Fred T. Jane ... with illustrations in colour from original water-colour drawings, by W. L. Wyllie ... |
| 260 ## - PUBLICATION, DISTRIBUTION, ETC. | |
| Place of publication, distribution, etc. | London, |
| Name of publisher, distributor, etc. | The Library press, limited, |
| Date of publication, distribution, etc. | 1915. |
| 300 ## - PHYSICAL DESCRIPTION | |
| Extent | 2 v. |
| Other physical details | col. fronts., illus., plates (part col.) ports., map. |
| Dimensions | 24 cm. |
| 526 ## - STUDY PROGRAM INFORMATION NOTE | |
| Program name | 0 |
| Interest level | 0 |
| Reading level | 0 |
| Title point value | 359_009410000000000_JAN |
| 650 #0 - SUBJECT ADDED ENTRY--TOPICAL TERM | |
| Topical term or geographic name entry element | MCE |
| 9 (RLIN) | 379 |
| 650 #0 - SUBJECT ADDED ENTRY--TOPICAL TERM | |
| Topical term or geographic name entry element | Warships. |
| 9 (RLIN) | 49711 |
| 700 1# - ADDED ENTRY--PERSONAL NAME | |
| Personal name | Wyllie, W. L. |
| 9 (RLIN) | 49712 |
| 942 ## - ADDED ENTRY ELEMENTS (KOHA) | |
| Source of classification or shelving scheme | |
| Koha item type | Book |
| Withdrawn status | Lost status | Source of classification or shelving scheme | Damaged status | Not for loan | Permanent Location | Current Location | Shelving location | Date acquired | Total Checkouts | Full call number | Barcode | Date last seen | Price effective from | Koha item type |
|---|---|---|---|---|---|---|---|---|---|---|---|---|---|---|
| Military College of Engineering (MCE) | Military College of Engineering (MCE) | 01/16/2015 | 359.00941 JAN | MCE-ECB.22 | 01/16/2015 | 01/16/2015 | Book |
